00830nac a22002411u 4500010001600000020002200016082001700038090001500055100003400070245005900104260004200163300002900205440007000234500002600304504004100330511002600371650001100397700002200408700001900430942001900449999001500468952010500483 a 77378180 a0123418224(v. 22)00a620.144bGLA c9062d9062 a20080729 00aGlass /cedited by Minoru Tomozawa, Robert H. Doremus. aNew York :bAcademic Press,1982c1982 a320 p. :bill. ;c24 cm. 0aTreatise on materials science and technology ;vv. 12, 17, 22, 26 aDistributer: Al-Ahram aIncludes bibliographies and indexes. acatalogued by: wessam 0aGlass.1 aTomozawa, Minoru.1 aDoremus, R. H. cBBk620.144GLA c9062d9062 00104070aMAINbMAINc1STd2008-04-08ePurchasel0o620.144GLAp000011038r2025-07-15 00:00:00yBB